[Event "AUT-ch U08"]
[Site "St Kanzian"]
[Date "2018.06.01"]
[Round "2.5"]
[White "Maiberg, Aurel"]
[Black "Tolstykh, Makarius"]
[Result "1-0"]
[WhiteElo "967"]
[BlackElo "893"]
[PlyCount "101"]
[EventDate "2018.06.01"]
[EventType "swiss"]
[EventRounds "7"]
[EventCountry "AUT"]
[SourceTitle "EXT 2024"]
[Source "ChessBase"]
[SourceDate "2023.10.10"]
[SourceVersion "1"]
[SourceVersionDate "2023.10.10"]
[SourceQuality "1"]

1. d4 d5 2. c4 Nf6 3. Nc3 e6 4. Bf4 a6 5. Nf3 Bd6 6. e3 0-0 7. Bd3 Nc6 8. 0-0 Re8 9. c5 Bxf4 10. exf4 b6 11. cxb6 cxb6 12. Ne5 Bb7 13. a3 Nxd4 14. Bxh7+ Nxh7 15. Qxd4 Qd6 16. b4 a5 17. bxa5 Rxa5 18. a4 Rc8 19. Nb5 Qc5 20. Qxc5 Rxc5 21. Nd7 Rc4 22. Nd6 Rc6 23. Nxb7 Rc7 24. Nxa5 Rxd7 25. Nb3 Re7 26. a5 bxa5 27. Nxa5 f6 28. Nc6 Re8 29. Nd4 e5 30. fxe5 fxe5 31. Rfe1 Nf6 32. Nc6 e4 33. Rad1 Kf7 34. g4 g5 35. h3 Ke6 36. Nd4+ Ke5 37. f3 Kf4 38. fxe4 dxe4 39. Rf1+ Ke5 40. Rf5+ Kd6 41. Rxf6+ Kd5 42. Rf5+ Kd6 43. Rxg5 e3 44. Nf5+ Kc7 45. Nxe3 Rxe3 46. Kg2 Re7 47. Rc1+ Kd8 48. Rg8+ Kd7 49. Rd1+ Ke6 50. Re1+ Kf7 51. Rxe7+ 1-0

[Event "AUT-ch U08"]
[Site "St Kanzian"]
[Date "2017.06.16"]
[Round "3.5"]
[White "Maiberg, Aurel"]
[Black "Klopf, Richard"]
[Result "0-1"]
[WhiteElo "874"]
[BlackElo "1057"]
[PlyCount "23"]
[EventDate "2017.06.16"]
[EventType "swiss"]
[EventRounds "7"]
[EventCountry "AUT"]
[SourceTitle "EXT 2024"]
[Source "ChessBase"]
[SourceDate "2023.10.10"]
[SourceVersion "1"]
[SourceVersionDate "2023.10.10"]
[SourceQuality "1"]

1. d4 d5 2. c4 e6 3. cxd5 exd5 4. Nc3 Nf6 5. Bg5 h6 6. Bxf6 Qxf6 7. Nxd5 Qd8 8. Nc3 Bb4 9. Qd2 Nc6 10. 0-0-0 0-0 11. Nf3 Re8 12. e3 0-1